11 Years' JEE (Main & Advanced): (Record no. 199551)

MARC details
000 -LEADER
fixed length control field 00919nam a22002057a 4500
005 - DATE AND TIME OF LATEST TRANSACTION
control field 20240321110919.0
010 ## - LCCN (DPL NO)
LC control number B-756325-334 ENG-139837
020 ## - INTERNATIONAL STANDARD BOOK NUMBER
International Standard Book Number 9789355737687
Terms of availability 999.00
035 ## - SYSTEM CONTROL NUMBER
System control number B-756325-334
035 ## - SYSTEM CONTROL NUMBER
System control number EN-123369
037 ## - SOURCE OF ACQUISITION
Stock number Parth Booksellers & Distributors
082 ## - DEWEY DECIMAL CLASSIFICATION NUMBER
Classification number 000
245 ## - TITLE STATEMENT
Title 11 Years' JEE (Main & Advanced):
Remainder of title Chapterwise Topicwise Physics Solved Questions (2013-2023)
Statement of responsibility, etc Edit By Arun Kala
260 ## - PUBLICATION, DISTRIBUTION, ETC. (IMPRINT)
Place of publication, distribution, etc New Delhi
Name of publisher, distributor, etc Cengage Learning India Pvt. Ltd.
Date of publication, distribution, etc 2023
270 ## - ADDRESS
Address T-303, 3rd Floor DAV Comlex, Plot 3 Mayur Vihar Phase 1
City New Delhi
Postal code 110091
300 ## - PHYSICAL DESCRIPTION
Extent 409p.
Dimensions 28cm(Pbk)
700 ## - ADDED ENTRY--PERSONAL NAME
Personal name Kala,Arun
Relator term Editor
9 (RLIN) 59650
942 ## - ADDED ENTRY ELEMENTS (KOHA)
Source of classification or shelving scheme Dewey Decimal Classification
Item type English Books
Call number suffix JEE
Classification part 000
Holdings
Withdrawn status Lost status Not for loan Collection code Home library Current library Date acquired Source of acquisition Cost, normal purchase price Full call number Barcode Copy number Cost, replacement price Koha item type
      Non-fiction Ashok Vihar Ashok Vihar 10/01/2024 Parth Booksellers & Distributors/2/29.11.23/43/23.11.23/1.12.23 999.00 JEE 000 B-756327 3 999.00 English Books
      Non-fiction Bawana Bawana 10/01/2024 Parth Booksellers & Distributors/2/29.11.23/43/23.11.23/1.12.23 999.00 JEE 000 B-756332 8 999.00 English Books
      Non-fiction Central Library Central Library 10/01/2024 Parth Booksellers & Distributors/2/29.11.23/43/23.11.23/1.12.23 999.00 JEE 000 B-756325 1 999.00 English Books
      Non-fiction Diz Area Diz Area 10/01/2024 Parth Booksellers & Distributors/2/29.11.23/43/23.11.23/1.12.23 999.00 JEE 000 B-756329 5 999.00 English Books
      Non-fiction Mobile Library Mobile Library 10/01/2024 Parth Booksellers & Distributors/2/29.11.23/43/23.11.23/1.12.23 999.00 JEE 000 B-756326 2 999.00 English Books
      Non-fiction Patel Nagar Patel Nagar 10/01/2024 Parth Booksellers & Distributors/2/29.11.23/43/23.11.23/1.12.23 999.00 JEE 000 B-756328 4 999.00 English Books
      Non-fiction Sarojini Nagar Sarojini Nagar 10/01/2024 Parth Booksellers & Distributors/2/29.11.23/43/23.11.23/1.12.23 999.00 JEE 000 B-756330 6 999.00 English Books
      Non-fiction Shahdara Branch Shahdara Branch 10/01/2024 Parth Booksellers & Distributors/2/29.11.23/43/23.11.23/1.12.23 999.00 JEE 000 B-756333 9 999.00 English Books
      Non-fiction Shahdara Branch Shahdara Branch 21/03/2024 DBAD/PUB 999.00 JEE 000 EN-123369 1 999.00 English Books
      Non-fiction Vinoba Puri Vinoba Puri 10/01/2024 Parth Booksellers & Distributors/2/29.11.23/43/23.11.23/1.12.23 999.00 JEE 000 B-756331 7 999.00 English Books
      Non-fiction Yojana Vihar Yojana Vihar 10/01/2024 Parth Booksellers & Distributors/2/29.11.23/43/23.11.23/1.12.23 999.00 JEE 000 B-756334 10 999.00 English Books

© Delhi Public Library
Hit Counter
free hit counter